📖150 premiers mots "Le capitaine Fracasse" Théophile Gautier - Statistiques

Statistiques générales
  • Ce quiz a Ă©tĂ© pris 16 fois
  • Le rĂ©sultat moyen est 68 sur 150
Statistiques - réponses
Mots % Correct
d'
100%
Dax
100%
de
100%
Mont-de-Marsan,
100%
Ă 
92%
et
92%
s'
92%
des
85%
des ...
85%
duquel
85%
l'
85%
la
85%
Landes,
85%
le
85%
Le
85%
Louis XIII,
85%
un
85%
au
77%
au-
77%
du
77%
les
77%
une
77%
Une
77%
que
69%
qui
69%
Sur
69%
sur
69%
avec
62%
dessus
62%
en
62%
Gascogne,
62%
sous
62%
castel
54%
château.
54%
règne
54%
ses
54%
si
54%
son
54%
faîtages
46%
par
38%
ces
31%
ciel,
31%
levis
31%
pierre
31%
pont-
31%
Deux
23%
deux
23%
entre
23%
vert
23%
bâtiment,
15%
communes
15%
eût
15%
leurs
15%
nom
15%
ton
15%
tours
15%
aronde.
8%
cette
8%
collines
8%
donnaient
8%
élevait,
8%
époque.
8%
état
8%
fossé,
8%
gentilhommières
8%
gris
8%
revers
8%
rondes,
8%
sombre
8%
toits
8%
angles
0%
aperçu
0%
aspect
0%
assez
0%
bossuent
0%
coiffées
0%
décharnées
0%
décorent
0%
déjà
0%
demi
0%
dessinant
0%
échauguettes
0%
entaillées
0%
enveloppant
0%
éteignoir,
0%
existence
0%
façade
0%
féodal,
0%
flanquaient
0%
girouettes
0%
heureusement
0%
lierre
0%
loin
0%
manoir
0%
nappe
0%
nivelage
0%
pointus
0%
poivrière
0%
primitive
0%
profondément
0%
queue
0%
rainures
0%
réduit
0%
sinécure
0%
trahissaient
0%
tranchait
0%
vieille
0%
villageois
0%
voyageur
0%
Aucun quiz correspondant
Distribution des résultats
% des personnes avec chaque résultat
Percentile par nombre de réponses
Votre historique - résultats
Vous n’avez pas pris ce quiz